American Southerners - Sudden Death - Statistics

General Stats
  • This quiz has been taken 188 times
  • The average score is 3 of 16
Answers on the Grid
Answers color-coded by a green-red scale on the quiz's grid according to % correct below.
Dwight Eisenhower
Bob Dylan
Brad Pitt
Dale Earnhardt Jr.
Ernest Hemingway
Helen Keller
George W. Bush
Ariana Grande
Drake
Halle Berry
Hilary Clinton
Matt Damon
Abraham Lincoln
Chadwick Boseman
Jennifer Lawrence
Michael Jackson
Jimmy Carter
Ellen DeGeneres
Johnny Depp
Miley Cyrus
Scarlett Johansson
Quentin Tarantino
Meryl Streep
Thomas Jefferson
Oprah Winfrey
Robert Downey Jr.
Tom Brady
Ronald Reagan
Mark Twain
Steve Harvey
Taylor Swift
Samuel L. Jackson
 
Answer Stats
Answer % Correct
Born in Kannapolis, North Carolina Dale Earnhardt Jr.
36%
Born in Denison, Texas Dwight Eisenhower
29%
Born in Plains, Georgia Jimmy Carter
29%
Born in Tuscumbia, Alabama Helen Keller
27%
Born in Shawnee, Oklahoma Brad Pitt
25%
Born in Boca Raton, Florida Ariana Grande
24%
Born in Franklin, Tennessee Miley Cyrus
24%
Born in Kosciusko, Mississippi Oprah Winfrey
23%
Born in Larue County, Kentucky Abraham Lincoln
19%
Born in Metairie, Louisiana Ellen DeGeneres
15%
Born in Shadwell, Virginia Thomas Jefferson
11%
Born in Owensboro, Kentucky Johnny Depp
8%
Born in Welch, West Virginia Steve Harvey
7%
Born in Indian Hills, Kentucky Jennifer Lawrence
5%
Born in Anderson, South Carolina Chadwick Boseman
4%
Born in Knoxville Tennessee Quentin Tarantino
4%
No matching quizzes found
Score Distribution
Percent of People with Each Score
Percentile by Number Answered
Your Score History
You have not taken this quiz